000 00825nab a2200253 u 4500
001 22377
003 HDC
007 cr bn ---aaaaa
008 210313b2016mmddmy d||ne |||| 00| 0 may d
040 _aHDC
100 _aNur Nazlina Nadzari
_98068
245 0 _aPenglibatan usahawan bumiputera kurang
_c/ Nur Nazlina Nadzari
260 _aMalaysia:
_bMedia Mulia,
_c2016
300 _a1 online resource (page 19)
336 _atext
_2rdacontent
337 _acomputer
_2rdamedia
338 _aonline resource
_2rdacarrier
650 _aEntrepreneurs
_951
710 _aUtusan Malaysia
856 _zRequest full-text at [email protected]
942 _2lcc
942 _cNEWS
942 _kNWSC 007654
999 _c19693
_d19693